00233nam a22001097a 4500040000900000082001700009100001800026245003200044260003000076300001000106521000700116 cNUST a629.132bLIU aLiu, Peiqing  aAerodynamics /cPeiqing Liu aChina :bSpringer;c2022. a852p. bHB